000 00315 a2200133 4500
082 _a004
090 _c6700
_d6700
100 _aIBM
245 _aAIX 5L version 5.2: Installation guide and referene
_cIBM
260 _bIBM Corporation
_c2004c.
300 _ax,368p. :
_c24 cm.
700 _aIBM
942 _cPR
_k004 IBM
999 _c10528
_d10528